000
00291nam a22001337a 4500
999
_c
12831
_d
12831
020
_a
9788131705216
082
_a
005.133
100
_a
Stroustrup Bjarne
245
_a
The C++ Programming Language
250
_a
3rd
260
_a
India
_b
Pearson
_c
2006
300
_a
1019 pages
942
_c
BK